Digital communications: fundamentals and applications
Saved in:
| Main Author: | |
|---|---|
| Format: | Book |
| Language: | English |
| Published: |
Upper Saddle River
Prentice Hall
2001
|
| Edition: | 2a. ed |
| Subjects: | |
| Tags: |
Add Tag
No Tags, Be the first to tag this record!
|
MARC
| LEADER | 00000cam a2200000 a 4500 | ||
|---|---|---|---|
| 001 | UCF0389 | ||
| 003 | CL-VaPUC | ||
| 008 | 120517e20010000US |||||||||||||||||eng|d | ||
| 020 | |a 0130847887 | ||
| 082 | 0 | 4 | |a 621.382 |b SKL |2 21 |
| 100 | 0 | |a Sklar, Bernard |e author |9 562167 | |
| 245 | 1 | 0 | |a Digital communications: fundamentals and applications |
| 250 | |a 2a. ed | ||
| 300 | |a 1079 p | ||
| 942 | |c BK | ||
| 945 | |d 20120517 00:00:00 |a cmena | ||
| 260 | |a Upper Saddle River |b Prentice Hall |c 2001 | ||
| 650 | 0 | |a Comunicación digital |9 260754 | |
| 650 | 0 | |a Procesamiento de señales |9 260702 | |
| 650 | 7 | |a MODULACION |2 CL-VaPUC |9 562168 | |
| 650 | 0 | |a Gestión de datos |9 353312 | |
| 583 | |a last modification |c 20121105 12:21:30 |k Rodrigo Vera | ||
| 999 | |c 347721 |d 347719 | ||
| 952 | |0 0 |1 0 |4 0 |6 621_382000000000000_SKL_2001 |7 0 |8 A |9 449243 |a BIBING |b BIBING |d 2019-11-22 |i 4869656 |o 621.382 SKL 2001 |p 4869656 |r 2025-01-20 |w 2019-11-22 |y BK |k EIE | ||